[Event "HUN-ch"]
[Site "Budapest"]
[Date "1995.??.??"]
[Round "6"]
[White "Horvath, Jozsef"]
[Black "Ruck, Robert"]
[Result "1/2-1/2"]
[WhiteElo "2520"]
[BlackElo "2460"]
[Annotator "Ribli,Z"]
[PlyCount "71"]
[EventDate "1995.01.??"]
[EventType "tourn"]
[EventRounds "11"]
[EventCountry "HUN"]
[EventCategory "10"]
[SourceTitle "CBM 046"]
[Source "ChessBase"]
[SourceDate "1995.06.01"]
[SourceVersion "1"]
[SourceVersionDate "1995.06.01"]
[SourceQuality "1"]

1. Nf3 d6 2. d4 Bg4 3. c4 Nd7 4. e4 (4. Nc3 $5) 4... e5 5. Be2 Be7 6. Nc3 Bxf3
7. Bxf3 Bg5 8. Bxg5 Qxg5 9. O-O {Das ist eine bekannte Stellung,der Anziehende
hat Entwicklung und Raumvorteil.} c6 (9... Nh6 10. b4 O-O 11. dxe5 Nxe5 12. Be2
Neg4 13. Qd5 Qf6 14. Qd2 $14 {Stohl,I-Miles,A/Manila izt/1990/}) 10. d5 $1 c5
11. Qb3 Nb6 {Nach b6 (+/=) sieht die schwarze Damenfluegel wie eine loecherige
Kaese aus.} 12. a4 $1 {Die konsequente Fortsetzung.} Qe7 13. a5 Nc8 14. a6 Rb8
(14... b6 $2 15. Qb5+ Qd7 16. Bg4 $1 Qxb5 17. Nxb5 Ke7 18. Bxc8 Rxc8 19. Nxa7
$18) 15. Bg4 {Dieser Zug gewinnt einen Bauern mit einer schoenen Kombination.}
(15. Qb5+ $5 Kf8 (15... Qd7 $2 16. Qxd7+ Kxd7 17. Bg4+ Kd8 18. Bxc8 Kxc8 19.
Nb5 $18) 16. axb7 Rxb7 17. Qc6 $16) 15... Nb6 16. axb7 Rxb7 17. Rxa7 $1 {[#]}
Nf6 (17... Rxa7 18. Qxb6 Qc7 19. Qxc7 Rxc7 20. Nb5 Re7 {Das einziges Feld} 21.
Ra1 $1 $18 {Schwarz soll aufgeben.}) 18. Qb5+ Kf8 19. Rxb7 Qxb7 {Horvath,Jo
spielte bisher sehr gut, und er dachte, dass die Stellung wahr- scheinlich
automatisch gewinnen soll.} 20. Ra1 $6 (20. b4 $1 {Das ist der konsequente Zug.
} cxb4 (20... Nxg4 $2 21. bxc5 dxc5 22. Qxc5+ Ke8 23. Rb1 Nd7 24. Rxb7 Nxc5 25.
Rb8+ $18) 21. Qxb4 Qc7 (21... Nxg4 $2 22. Qxd6+ Ke8 23. Rb1 Nxc4 24. Rxb7 Nxd6
25. Rb8+ $18) (21... Ke7 22. c5 $1 $18) 22. Rb1 $1 Nxc4 23. Be2 Nd2 24. Qb8+
Ne8 25. Qxc7 Nxc7 26. Rb8+ Ne8 27. Rb2 $18) 20... Ke7 21. h3 Rb8 22. b3 h5 23.
Be2 (23. Bd1 $5) 23... g6 24. Bd3 $6 {Warum nicht 24.Ra6 und 25.Qa5} (24. Ra6
$5) 24... Ne8 25. Qa6 Nc7 26. Qxb7 Rxb7 27. g3 Nc8 28. Nb5 (28. Ra3 Ra7 29.
Rxa7 Nxa7 {Mit der Idee Na6,Nb4, und der Nachziehende hat sehr gute Chancen
die Partie zu retten.}) 28... Nxb5 29. cxb5 Kd7 (29... Na7 $2 30. b6 Nc8 31.
Ba6 $18) 30. Ra8 Kc7 31. h4 Na7 32. Rf8 Kb6 33. Rd8 Kc7 34. Rf8 Kb6 35. Rd8 Kc7
36. Rf8 {Ribli} 1/2-1/2

[Event "EU-ch 5th"]
[Site "Antalya"]
[Date "2004.05.24"]
[Round "9"]
[White "Halkias, Stelios"]
[Black "Kristjansson, Stefan"]
[Result "1-0"]
[WhiteElo "2541"]
[BlackElo "2404"]
[Annotator "Ribli,Z"]
[PlyCount "78"]
[EventDate "2004.05.15"]
[EventType "swiss"]
[EventRounds "13"]
[EventCountry "TUR"]
[SourceTitle "CBM 101"]
[Source "ChessBase"]
[SourceDate "2004.07.27"]
[SourceVersion "1"]
[SourceVersionDate "2004.07.27"]
[SourceQuality "1"]

1. d4 d6 2. Nf3 Bg4 3. c4 {Nach meiner Meinung ist das die beste Fortsetzung
für Weiß, aber 3.e4 ist auch spielbar.} Nd7 4. Qb3 {Die Dame kommt mit Tempo
ins Spiel, das ist gewöhnlich der Nachteil des frühen Zuges Bg4.} Rb8 5. Be3 {
Ein auf den ersten Blick sonderbarer Zug. Die Alternativen sind 5.g3 und 5.h3.
Weiß möchte zuerst den Damenflügel schnell entwickeln.} c6 6. Nc3 Bxf3 {
Schwarz tauscht seinen Läufer. Im Falle von 6...Ngf6 (was ein natürlicher
Entwicklungszug wäre) können wir die Idee des Zuges 5.Be3 sehen - Weiß kann 7.
Nd2 spielen und dann f2-f3 und Bf2.} (6... Ngf6 7. Nd2 Qa5 8. d5 e5 9. f3 Bf5
10. Bf2 e4 11. g4 Bg6 12. g5 Nh5 13. Bh3 $1 Be7 (13... Nc5 14. Bxc5 Qxc5 15.
Ncxe4 $16) 14. Bxd7+ Kxd7 15. c5 $1 cxd5 16. Qxd5 Qb4 17. cxd6 Nf4 18. Qb3 Bxd6
19. Qxb4 Bxb4 20. Bg3 $1 {1-0 Bareev,E-Adams,M/Biel 1991/CBM 25/[Ribli] (43)})
(6... b5 7. cxb5 cxb5 8. Ng5 Bh5 9. g4 Bg6 10. h4 h6 11. h5 {1-0 Matveeva,
S-Guseinov,K/Moscow 1999/CBM 70 (11)}) 7. exf3 g6 (7... e6 8. d5 exd5 9. cxd5
c5 10. Bd3 Ngf6 11. O-O Be7 12. Rfe1 O-O 13. Qd1 Re8 14. f4 Qa5 15. g4 {
1-0 Papa,S-Redpath,J/Balatonlelle 2001/EXT 2002 (36)}) 8. h4 $36 {[%mdl 4]
Weiß hat das Läuferpaar und Raumvorteil. Der einzige Vorteil der schwarzen
Stellung ist, dass sie keine Schwächen hat.} h5 (8... Ngf6 9. g4 $36) 9. g4 Bg7
(9... hxg4 10. fxg4 Ngf6 11. Be2 $16) 10. O-O-O Qa5 (10... Ngf6 11. g5 Nh7 12.
f4 $16) 11. g5 {[%csl Rg8] Weiß gewinnt Raum am Königsflügel und es ist nicht
leicht für Schwarz seinen g8-Springer zu entwickeln.} b5 $5 {Schwarz opfert
einen Bauern und möchte im Trüben fischen.} (11... e6 12. Ne4 d5 13. Nd6+ $16)
(11... c5 12. Bh3 cxd4 13. Bxd7+ Kxd7 14. Bxd4 $16 {[%cal Gd1d7]}) 12. cxb5 d5
13. Bh3 (13. Qc2 $5 cxb5 14. Nxd5 Qxa2 15. Bf4 $16) 13... e6 14. Bf4 (14. Qc2
$5 cxb5 15. Bxe6 $1 fxe6 16. Qxg6+ Kf8 17. Qxe6 $16) 14... Rb7 (14... Rc8 15.
bxc6 Rxc6 16. Kb1 $16) 15. Rhe1 {[%cal Ge1e8]} Ne7 16. Bd6 Qd8 (16... cxb5 $2
17. Nxd5 $18) 17. Qc2 Nb8 $5 {Schwarz verteidigt seine schlechte Stellung gut.}
(17... cxb5 18. Nxd5 Nxd5 19. Rxe6+ fxe6 20. Qxg6#) 18. Bc5 (18. Bxe7 Rxe7)
18... cxb5 19. Rxe6 $3 {[%mdl 512] Dieses Turmofer ist sehr schön. Weiß muss
nun mit einem Turm weniger spielen, aber sein Läuferpaar fesselt Schwarz.} (19.
Bxe6 fxe6 20. Rxe6 O-O 21. Bxe7 Rxe7 22. Qxg6 $13) 19... fxe6 20. Bxe6 $44 {
[%csl Gc5,Ge6,Re8] Weiß hat nur zwei Bauern für den Turm, aber der schwarze
König steht angreifbar in der Mitte und der g6P ist sehr schwach.} Nd7 (20...
b4 21. Nxd5 $16) 21. Nxd5 Nf8 (21... Nxc5 22. dxc5 {[%cal Rd1d8,Rc5c6]} Kf8 23.
c6 Rc7 24. Nxc7 Qxc7 25. Rd7 $18) 22. Nxe7 (22. Re1 $40) 22... Rxe7 (22... Nxe6
23. Qxg6+ Kd7 24. Re1 $18) 23. Bb3 {Weiß beschäftigt sich nicht mit dem Turm,
er möchte sein Läuferpaar um jeden Preis auf dem Brett halten.} (23. Bxe7 Kxe7
24. Bh3 $40) 23... Qc7 (23... Rc7 24. Re1+ (24. Qe2+ Qe7 25. Qxb5+ Qd7 26. Qe2+
Kd8 27. Kb1 $44) 24... Kd7 25. Bf7 Bxd4 26. Rd1 Kc8 27. Rxd4 Qxd4 28. Bxd4
Rxc2+ 29. Kxc2 Rh7 30. Bg8 $14) 24. Kb1 $16 {[%csl Gb3,Gc5,Re8] Weiß hat drei
Bauern für den Turm und eine gute Angriffsstellung. Es ist schwer für Schwarz
nützliche Züge zu spielen.} Qd7 25. Bxe7 Kxe7 26. Qe4+ Kd8 27. Qa8+ Qc8 28.
Qxa7 Nd7 29. Rc1 $18 Qb8 30. Qa5+ Qb6 31. Qa8+ Qb8 32. Qc6 {[%cal Rc6g6]} Re8 (
32... Qb6 33. Qc8+ Ke7 34. Re1+ $18) 33. Be6 (33. Qxg6 $18) 33... Re7 34. d5
Be5 35. Bxd7 Rxd7 36. Qxg6 Bg7 37. Re1 Qd6 38. Qe8+ Kc7 39. Rc1+ Kb6 (39... Kb7
40. Qc8+ $18) (39... Kb6 40. Rc6+ $18) 1-0

[Event "Brno"]
[Site "Brno"]
[Date "1992.??.??"]
[Round "1"]
[White "Stangl, Markus"]
[Black "Bischoff, Klaus"]
[Result "1/2-1/2"]
[WhiteElo "2475"]
[BlackElo "2510"]
[Annotator "Ribli,Z"]
[PlyCount "50"]
[EventDate "1992.08.??"]
[EventType "tourn"]
[EventRounds "9"]
[EventCountry "CZE"]
[EventCategory "11"]
[SourceTitle "CBM 031"]
[Source "ChessBase"]
[SourceDate "1992.12.01"]
[SourceVersion "1"]
[SourceVersionDate "1992.12.01"]
[SourceQuality "1"]

1. Nf3 g6 2. c4 Bg7 3. d4 d6 4. g3 c5 5. Bg2 Nc6 6. d5 Na5 7. O-O a6 8. Nbd2 (
8. Qd3 b5 $6 (8... Nf6 $5) 9. cxb5 axb5 10. Qxb5+ Bd7 11. Qd3 Nf6 12. Nfd2 O-O
13. Nc3 Qc8 14. Rb1 Bh3 15. Nde4 $14 {Ehlvest,J-Speelman,J Belfort 1988 CBM/08
45/56}) (8. Nfd2 b5 9. Na3 $1 Bd7 10. Rb1 bxc4 11. Naxc4 Nf6 12. b3 Nxc4 13.
Nxc4 Bf5 14. Rb2 $13 {Ionescu-Speelman Thessaloniki ol 1988 46/71} Ne4) 8... b5
$1 9. Qc2 Nf6 10. e4 O-O 11. Re1 (11. Rb1 $5) 11... Rb8 12. cxb5 axb5 13. b4
cxb4 14. Rb1 Bd7 15. Rxb4 Qb6 16. Nb3 Rfc8 17. Qe2 Ng4 18. Nbd4 Qc5 19. a3 Nc4
20. Rd1 Ra8 21. Qd3 Nce5 22. Qb1 Nc4 23. Qb3 Na5 24. Qb1 Nc4 25. Qb3 Na5
1/2-1/2

[Event "Olomouc After GP Mladi"]
[Site "Olomouc"]
[Date "1997.??.??"]
[Round "4"]
[White "Babula, Vlastimil"]
[Black "Mokry, Karel"]
[Result "1-0"]
[WhiteElo "2545"]
[BlackElo "2500"]
[Annotator "Ribli,Z"]
[PlyCount "49"]
[EventDate "1997.08.05"]
[EventType "tourn"]
[EventRounds "11"]
[EventCountry "CZE"]
[EventCategory "10"]
[SourceTitle "CBM 061"]
[Source "ChessBase"]
[SourceDate "1997.11.23"]
[SourceVersion "1"]
[SourceVersionDate "1997.11.23"]
[SourceQuality "1"]

1. d4 d6 2. Nf3 Bg4 {Das ist eine Lieblingsvariante des tschechischen GM Mokry.
Schwarz vermeidet mit diesem Zug theoretische Hauptvarianten, dafür wird seine
Stellung - meiner Meinung nach - ein wenig passiv.Ribli.} 3. c4 g6 (3... Bxf3
4. exf3 $14 g6 5. Nc3 Bg7 6. Be3 {Und der Doppelbauer ist nicht schwach.
Vielmehr besitzt Weiß Vorteil im Zentrum und das Läuferpaar. Die schwarze
Stellung weist zwar keine großen Scwachpunkte auf, er steht aber passiver.}) 4.
g3 Bg7 5. Bg2 Qc8 (5... Nc6 6. O-O (6. d5 Ne5 (6... Bxf3 7. Bxf3 Ne5 8. Bg2 c5
9. dxc6 Nxc6 10. O-O Nf6 11. Nc3 O-O 12. b3 Qd7 13. Bb2 Rfc8 14. Qd2 Rab8 15.
Rfd1 Qd8 16. Rac1 Qf8 17. Bh3 Rd8 18. Nd5 Ne4 19. Qc2 {1-0 Rayner,F-King,D/
Dublin zt 1993 (39)}) 7. Nxe5 Bxe5 8. Nc3 Qc8 9. h3 Bd7 10. Be3 c5 11. Qd2 a6
12. a4 {Arkell,K-Ledger,A/British Ch. Swansea 1995/1-0 (48)}) 6... e5 7. d5
Nce7 8. Nc3 h5 9. h4 Nf6 10. e4 O-O 11. Bd2 c5 12. Rb1 b6 13. a3 Nh7 14. Qc2 f5
15. exf5 Nxf5 16. Nh2 Nd4 17. Qxg6 Bf5 18. Qxh5 Bxb1 19. Rxb1 {1-0 Vaulin,
A-Poley,V/Katowice op 1991/EXT 91op (42)}) (5... c6 6. O-O Qc8 7. Nc3 Nf6 8.
Bf4 O-O 9. Re1 Re8 10. Rc1 Nbd7 11. d5 {Fominyh,A-Tosic,M/Alushta1 1994/1-0 
(54)}) 6. O-O {Weiß hat keine Angst vor dem Läufertausch, er strebt rasche
Entwicklung seiner Figuren an.} (6. Nc3 c6 (6... e5 7. Be3 Nc6 8. d5 Nce7 9. c5
Nf5 10. Qa4+ Qd7 11. Qxg4 {1-0 Strauss,D-Hanken,J/USA-op Los Angeles 1991}) 7.
O-O Nf6 8. e4 O-O 9. Be3 Re8 10. Rc1 Na6 11. Qc2 e5 12. d5 Bxf3 13. Bxf3 c5 14.
a3 Qd7 15. Kg2 {1-0 Ribli,Z-Lorenz,S/BL9091 1991 (28)}) (6. h3 Bxf3 7. Bxf3 Nc6
8. e3) 6... Bh3 7. e4 (7. Nc3) 7... Bxg2 8. Kxg2 {Weiß hat Raumvorteil im
Zentrum, aber Schwarz konnte das mit seinem weißfeldrigen Läufer
zusammenhängende Entwicklungsproblem bereits lösen.} e5 9. dxe5 (9. Nc3 exd4
10. Nxd4 Nc6 11. Be3 Nge7 $14 {[%csl Yd5] Weiß hat volle Kontrolle über das
Feld d5 und damit leichten Vorteil.}) (9. d5 f5 (9... Nf6 10. Nc3 O-O 11. Ne1
$14 {Weiß bereitet 12.Nd3 vor und erfreut sich des klassisch Königsindischen
Vorteils, da der Bg7 schlecht steht und Weiß Raumvorteil hat.}) 10. exf5 gxf5
11. Ng5 {[%csl Re6][%cal Rg5e6]}) 9... dxe5 10. b3 {[%cal Gc1a3,Ga3f8]} f6 $6 {
Schwarz bereitet das Springermanöver 11...Nh6 und 12...Nf7 vor, aber das
kostet viel Zeit.} (10... Ne7 11. Ba3 Nbc6 12. Nc3 O-O 13. Nd5 $14 {[%csl Gd5]}
) 11. Nc3 $14 Nh6 12. Ba3 Nf7 13. Nh4 $1 {Strategisch steht Schwarz gut, da
sein Gegner ein positionelles Loch auf d4 zu beklagen hat. Da aber auch die
Zeit ein wichtiger Faktor ist, bereitet Weiß 14.f4 mit sofortigem Angriff vor.}
c6 14. f4 {[%csl Ga3,Re8,Gf1]} Nd7 (14... exf4 15. gxf4 Qe6 16. f5 $16 {
[%csl Re8]}) 15. Qg4 $16 {[%csl Ga3,Re8,Gg4]} Nf8 (15... Nb6 $5 16. f5 (16. Nf5
Bf8 {Das macht einen großen Unterschied. In der Partie raubt der schwarze
Springer diese Möglichkeit.}) 16... g5) 16. Nf5 $1 Rg8 (16... gxf5 17. Qxg7 $18
{[%csl Re8]}) (16... Ne6 17. Ne7 Qd7 (17... Nxf4+ 18. Rxf4 Qxg4 19. Rxg4 Bf8
20. Nxg6 hxg6 (20... Bxa3 21. Nxh8 Bb2 22. Rg8+ $18) 21. Bxf8 Kxf8 22. Rxg6 $16
) 18. Rad1 Nxf4+ (18... Nd4 19. Qxd7+ Kxd7 20. fxe5 $18) 19. Rxf4 Qxg4 20. Rxg4
Bf8 21. Nxg6 hxg6 (21... Bxa3 22. Nxh8 Nxh8 23. Rg8+ $18) 22. Bxf8 Kxf8 23.
Rxg6 $16) 17. fxe5 (17. Nxg7+ $6 {Weiß muß natürlich -wenn es möglich ist- die
Figuren auf dem Brett halten.} Rxg7 18. Qxc8+ Rxc8 19. fxe5 fxe5 20. Rad1 $14)
17... gxf5 (17... fxe5 18. Rad1 (18. Nxg7+ Rxg7 19. Qf3 Qe6 20. Rad1 {[%csl
Ga3,Gd1,Re8,Gf1,Gf3]}) (18. Qh4 Qd8) 18... gxf5 19. exf5 {Das fuehrt zur
Partiefortsetzung.Ribli.}) 18. exf5 {Weiß hat eine Figur geopfert, aber der
schwarze König steht schlecht in der Mitte.} fxe5 (18... Nxe5 19. Qh5+ Kd8 20.
Rad1+ Kc7 21. Bd6+ Kb6 22. c5+ Ka6 23. Bxe5 fxe5 24. Qf7 e4 25. Qxg8 Bxc3 26.
Qc4+ $18) 19. Rad1 {Es ist interessant zu sehen, daß die schwarze Mehrfigur
keine Rolle spielt, da alle weißen Figuren am Angriff teilnehmen.} c5 20. Nd5 {
[%csl Gd5]} b6 (20... Qc6 21. f6 $18) {[#]} 21. f6 $1 {Der entscheidende Zug.
Der schwarze König befindet sich im Mattnetz.Ribli.} Ng6 (21... Qxg4 22. Nc7#)
22. Nc7+ Qxc7 23. Qe6+ Ne7 (23... Kf8 24. Rd7 $18) 24. fxe7 Nh6 (24... Qb7+ 25.
Kg1 Nh6 26. Bc1 $18) 25. Rd8+ {Schwarz gab auf. Das Matt ist nicht zu parieren.
Ribli.} (25. Rd8+ Rxd8 26. exd8=Q+ Kxd8 27. Rd1+ $18) 1-0

[Event "Olympiad-30"]
[Site "Manila"]
[Date "1992.06.18"]
[Round "10.1"]
[White "Rogers, Ian"]
[Black "Milos, Gilberto"]
[Result "1-0"]
[WhiteElo "2550"]
[BlackElo "2515"]
[Annotator "Rogers,I"]
[PlyCount "63"]
[EventDate "1992.06.08"]
[EventType "team-swiss"]
[EventRounds "14"]
[EventCountry "PHI"]
[SourceTitle "TD"]
[Source "ChessBase"]
[SourceDate "1994.03.01"]
[SourceVersion "1"]
[SourceVersionDate "1994.03.01"]
[SourceQuality "1"]
[WhiteTeam "Australia"]
[BlackTeam "Brazil"]
[WhiteTeamCountry "AUS"]
[BlackTeamCountry "BRA"]

1. d4 Nf6 2. Nf3 d6 3. Nc3 Bg4 4. e4 e6 5. h3 Bh5 6. Qe2 $5 (6. Be2 {as used
by Johansen to draw with Speelman a few rounds later, is less committal.}) 6...
c6 7. g4 Bg6 8. Bg5 Be7 9. Bxf6 Bxf6 10. h4 h6 11. O-O-O Nd7 12. Kb1 Qc7 13.
Rg1 $5 h5 ({On} 13... O-O-O 14. h5 Bh7 15. g5 {is strong. However now Black's
bishop's are shut out of play.}) 14. g5 Be7 15. d5 $1 e5 16. Bh3 O-O-O 17. Nd2
Kb8 18. Nc4 Nb6 19. Nxb6 Qxb6 20. Rd3 Ka8 21. a3 Rdf8 22. Bf5 Bh7 23. Rgd1 g6 {
Such self-immolation of the bishop on h7 looks awful, but Black is hoping to
break out with ...f6.} 24. dxc6 $1 bxc6 (24... gxf5 {allows a rapid mating
attack with} 25. Nd5 Qd8 26. Rb3 $1) 25. Bd7 Qc7 $2 ({Black is hoping for 26.
Bh3 f6 with a good game but in hindsight} 25... Rb8 26. b3 Qc7 {was necessary,
although after} 27. Bh3 {White keeps the edge because f6 is not playable.}) 26.
Bxc6+ $3 Qxc6 27. Nd5 Bd8 (27... Qd7 {loses more prosaically to} 28. Rc3 Rc8
29. Qa6) 28. Rc3 Qb7 29. Rb3 Qc6 ({On} 29... Bb6 30. a4 $1 {/\31.a5 is
decisive.}) 30. Rdd3 Ba5 {Black seems to have held off the immediate threats
but White is ready to add a rook and a queen to his bishop sacrifice.} 31. Rdc3
$1 Bxc3 32. Qa6 $3 ({Since} 32. Qa6 $3 Qxa6 {allows} 33. Nc7#) ({and} 32. Qa6
$3 Rc8 33. Nb6+ Qxb6 34. Rxb6 Rb8 35. Rxb8+ Rxb8 36. Qc6+ {is hopeless for
Black, Milos gave up the struggle.}) 1-0

[Event "Reykjavik op"]
[Site "Reykjavik"]
[Date "2016.03.13"]
[Round "7"]
[White "Rapport, Richard"]
[Black "Danielsen, Henrik"]
[Result "1-0"]
[WhiteElo "2720"]
[BlackElo "2488"]
[Annotator "Schulz,Andre"]
[PlyCount "39"]
[EventDate "2016.03.08"]
[EventType "swiss"]
[EventRounds "10"]
[EventCountry "ISL"]
[SourceTitle "CBM 171 Extra"]
[Source "ChessBase"]
[SourceDate "2016.04.26"]
[SourceVersion "1"]
[SourceVersionDate "2016.04.26"]
[SourceQuality "1"]

1. d4 d6 {Die Eröffnung 1...d6 2...Lg4 hat keinen Namen. Da sie viele
Anhänger in Tschechien hat, schlage ich den Namen "Tschechische Verteidigung"
vor.} 2. Nc3 Nf6 3. Nf3 Bg4 4. e4 e6 5. h3 Bh5 6. Qe2 {Bereitet den nächsten
Zug vor.} c6 7. g4 {Der junge Ungar geht gewohnt forsch zur Sache.} Bg6 8. h4
h5 (8... Nxg4 9. h5 $18) 9. g5 Nfd7 10. Bh3 Qa5 11. d5 $1 {Legt den Finger auf
die weißfeldrigen Felderschwächen.} (11. Bd2 $5 Z0 {mit der Idee} 12. Nd5 Qd8
13. Nf4) 11... e5 12. Nd2 Qa6 13. Qf3 {Damentausch ist nicht im Sinne von
Weiß.} Be7 14. Nb3 {Droht Le3 und Lf1.} (14. Bf1 Qb6 15. Nc4 Qd8 16. Be3 $16)
14... Qb6 15. Be3 Qc7 16. O-O-O $16 a6 17. dxc6 bxc6 18. Bf5 Nb6 19. Qh3 {[#]}
N8d7 $2 {[#]} ({Es drohte} 19... Z0 20. Bxb6 Qxb6 21. Bxg6 fxg6 22. Qc8+ Qd8
23. Qe6) ({Auch nicht schön, aber nötig war} 19... Bxf5 20. Qxf5 N8d7 (20...
g6 21. Bxb6 $1 Qxb6 22. Qc8+ Qd8 23. Qb7 $18) 21. g6 $16) 20. Bxb6 (20. Bxb6
Nxb6 21. Bxg6 fxg6 22. Qe6 $18) 1-0

[Event "Oslo op-A"]
[Site "Oslo"]
[Date "2014.10.03"]
[Round "7"]
[White "Svane, Rasmus"]
[Black "Romanov, Evgeny"]
[Result "1-0"]
[WhiteElo "2506"]
[BlackElo "2647"]
[Annotator "Schulz,Andre"]
[PlyCount "113"]
[EventDate "2014.09.28"]
[EventType "swiss"]
[EventRounds "9"]
[EventCountry "NOR"]
[SourceTitle "CBM 162 Extra"]
[Source "ChessBase"]
[SourceDate "2014.10.17"]
[SourceVersion "1"]
[SourceVersionDate "2014.10.17"]
[SourceQuality "1"]

1. d4 g6 2. c4 Bg7 3. Nf3 d6 4. Nc3 Bg4 5. e3 Nc6 6. Be2 e5 $2 {Die folgende
Abwicklung wurde von Schwarz offenbar unterschätzt.} 7. Nxe5 $1 dxe5 ({Nach} 
7... Bxe2 8. Nxc6 Bxd1 9. Nxd8 Rxd8 (9... Bg4 10. Nxb7 $16) 10. Kxd1 {ist ein
Bauer weg.}) 8. Bxg4 exd4 9. exd4 Nxd4 {Schwarz bekommt den Bauern zurück,
erhält aber Entwicklungsrückstand.} (9... Qxd4 10. O-O Qxd1 11. Rxd1 Nge7 12.
Bd7+) 10. Qa4+ c6 (10... Nc6 11. O-O Nge7 12. Rd1 Qb8 13. Bd7+ {ist unangenehm.
}) 11. O-O Ne7 12. Bg5 f6 $2 ({Nach} 12... O-O 13. Rfe1 Re8 14. Rad1 h6 15. Be3
{steht Schwarz unbequem.}) 13. Be3 f5 14. Bxd4 (14. Bh3 O-O 15. Rad1 {kam
ebenfalls in Betracht.}) 14... Qxd4 15. Bf3 O-O-O {Angesichts der Dame auf a4
eine riskante Wahl.} (15... O-O 16. Rad1 Qb6 17. Qa3 Qc7 18. Rfe1 $14 {mit
freierem Spiel für Weiß. Der Se7 steht etwas passiv.}) 16. Qa3 Bf6 17. Rfe1
Rhe8 18. Rad1 Qxc4 ({Auf} 18... Qb6 {folgt} 19. c5 ({oder} 19. Na4)) 19. Qxa7
Bd4 {Darauf hatte sich Schwarz offenbar verlassen, doch...} 20. Qa8+ Kc7 21.
Rxd4 $1 Qxd4 22. Nb5+ $1 {Das war die Idee. Nun wird das Einbruchsfeld b7 frei
geräumt.} cxb5 23. Qxb7+ Kd6 24. Qa6+ ({Aber nicht etwa} 24. Rd1 $2 {wegen}
Nd5 $1 {und der Turm kann wegen Matt auf e1 nicht nehmen. Und nach} 25. h3
Qxd1+ 26. Bxd1 Re1+ 27. Kh2 Rxd1 {erhält Schwarz sehr viel Material für die
Dame.}) 24... Kc7 25. Qb7+ Kd6 26. Qa6+ Kc7 27. Rc1+ Kd7 28. Rd1 Qxd1+ 29. Bxd1
{Materiell ist die Partie in etwa ausgeglichen, aber mit dem unsicheren
schwarzen König ist Weiß im Vorteil.} Nc6 30. Kf1 Nd4 31. Qa7+ Ke6 32. Qxh7
Kf6 33. g3 Re4 (33... Rh8 34. Qc7 Ne6 35. Qc3+ $18) 34. Qc7 Ne6 35. Qc3+ Ke7 (
35... Nd4 36. h4 $18) 36. Bb3 b4 37. Qc6 Rd6 38. Qb7+ Kf6 39. h4 Rd2 40. Bxe6
Kxe6 41. Qg7 Rg4 42. Ke1 ({Schneller war} 42. h5 {mit der Idee} gxh5 43. Qh6+)
42... Rd7 43. Qg8+ Kf6 44. Qf8+ Ke6 45. a3 {Der Freibauer auf der a-Linie ist
ein entscheidender Trumpf.} ({Oder} 45. Kf1 $5 Rd6 46. Kg2 Rd7 47. Qe8+ Kd6 48.
f3 Rd4 49. Qxg6+ $18) 45... bxa3 46. bxa3 Re4+ 47. Kf1 Ra7 48. Qh6 Kf6 49. h5
Rg7 50. f4 Re8 51. Qg5+ Ke6 52. g4 (52. h6 $18) 52... Rf8 53. hxg6 Rf6 54. Kg2
{Humorvoll gespielt.} Rg8 ({Auf} 54... Rgxg6 {folgt das witzige} 55. gxf5+) 55.
a4 Rgf8 56. a5 fxg4 57. Qe5+ (57. Qe5+ Kd7 58. g7) 1-0

[Event "Metz op 12th"]
[Site "Metz"]
[Date "1994.??.??"]
[Round "7"]
[White "Schwartzman, Gabriel"]
[Black "Asanov, Bolat"]
[Result "1-0"]
[WhiteElo "2500"]
[BlackElo "2360"]
[Annotator "Schwartzman,G"]
[PlyCount "41"]
[EventDate "1994.04.??"]
[EventType "swiss"]
[EventRounds "9"]
[EventCountry "FRA"]
[SourceTitle "CBM 041"]
[Source "ChessBase"]
[SourceDate "1994.08.01"]
[SourceVersion "1"]
[SourceVersionDate "1994.08.01"]
[SourceQuality "1"]

1. c4 g6 2. Nc3 Bg7 3. Nf3 d6 4. g3 Nc6 5. d4 e5 6. dxe5 Nxe5 7. Nxe5 Bxe5 8.
Bg2 Ne7 9. O-O h5 $6 {The more normal 9...c6 has been played until now} 10. h4
Nf5 $2 {Another unnecessary loss of time} 11. e4 Ne7 (11... Nxh4 12. gxh4 Qxh4
13. f4 Bg4 (13... Bxc3 14. bxc3 $16) 14. Qe1 Bd4+ 15. Be3 $16) 12. Bg5 $16 {
/\Cd5} c6 13. Qd2 Bg4 14. f3 $1 Be6 $2 {14...Bc8 would have been the only
correct move} 15. f4 Bg7 (15... Bxc4 16. fxe5 Bxf1 17. Rxf1 (17. exd6) 17...
dxe5 18. Qf2 $18) 16. f5 $1 {[#]} f6 (16... gxf5 17. exf5 Bxf5 18. Rxf5) (16...
Bxc4 17. f6 Bxf1 18. fxg7 Rg8 19. Rxf1 $18) 17. fxe6 fxg5 18. Rf7 $1 $18 (18.
Qxg5 Bh6 19. Qf6 Rf8) 18... Bf8 19. Qxg5 Qb6+ 20. Kh2 Qd4 (20... Qxb2 21. Qf6
$1 Rg8 (21... Qxa1 22. Qxh8 O-O-O 23. Rxf8 $18) 22. Rxe7+ Bxe7 23. Qf7+ Kd8 24.
Qxg8+ Kc7 25. Qxa8 Qxa1 26. Qe8 $18) 21. Nb5 $1 (21. Nb5 cxb5 (21... Qb6 22.
Nxd6+ Kd8 23. Qf6 $18) 22. Qxb5+ Nc6 (22... Kd8 23. Qd7#) 23. Qxb7 Nb8 24. Qc8#
) 1-0